000 00263nam a2200109Ia 4500
001 588671
005 20250717120836.0
008 250717s9999 xx 000 0 und d
245 0 _aY-2 OTTOMAN
_cERHAN AFYONCU
260 _bYEDİTEPE YAYINLARI
_c2020
300 _b321
999 _c588671
_d588671